Eastenders First Names - Statistics

General Stats
  • This quiz has been taken 462 times
  • The average score is 272 of 674
Answer Stats
First Last % Correct
Kat Mitchell, Slater, Moon
89%
Li Chong
89%
Al Jenkins
87%
Den Watts
87%
Ian Beale
86%
Pat Evans, Harris, Beale, Wicks, Butcher
85%
Dot Branning, Colwell, Cotton
84%
Jack Branning | Dalton | Edwards | +3 others
84%
Jan Hammond
84%
Mick Carter
84%
Phil Mitchell
84%
Max Branning | Townsend
83%
John Davis | Royle
82%
Lauren Branning
82%
Mo Butcher | Harris, Porter
82%
Little Mo Slater, Morgan, Mitchell
81%
Sharon Watts, Mitchell, Rickman, Beale, Stretton
81%
Jim Branning
80%
Kathy Cotton, Hills, Beale, Mitchell, Sullivan
80%
Billie Jackson
79%
Billy Mitchell
79%
Bob Lister
79%
Bobby Beale, Hobbs
79%
Mick McFarlane
79%
Paul Coker | Priestly | Trueman
79%
Peggy Mitchell, Thomas, Butcher
79%
Arthur Chubb
78%
Cindy Beale, Williams, Knight, Sawyer
78%
Grant Mitchell
78%
Linda Carter, Peacock | Clarke
78%
Martin Fowler
78%
Minty Peterson
78%
Patrick Trueman
78%
Peggy Mitchell, Taylor
78%
Pete Beale
78%
Ricky Branning, Mitchell | Butcher
78%
Stacey Slater, Branning, Fowler
78%
Arthur Fowler
77%
Ben Mitchell, Sullivan
77%
SJ Fletcher
77%
Vi Highway
77%
Dennis Rickman
76%
Lucy Beale
76%
Denise Fox, Turner, Wicks, Johnson
75%
Bob Ashley
74%
Charli Slater, Branning
74%
Honey Mitchell, Edwards
74%
Jane Clarke, Collins, Beale
74%
Pauline Fowler, Beale
74%
Steve Elliot | Owen | Thompson
74%
Dennis Rickman, Watts
73%
Jane Williams
73%
Lou Beale, Medeemey
73%
Danielle Jones, Mitchell, Reynolds
72%
George Holloway | Knight, Asare | Palmer | +2 others
72%
Jay Brown, Mitchell, Dyer
72%
Johnny Carter
72%
Sam James | Mitchell, Butcher, Hunter
72%
Shirley Benson | Carter, Wicks
72%
Sonia Fowler, Branning, Jackson
72%
Abi Branning
71%
Alfie Moon
71%
Johnny Allen | Harris
71%
Tom Cotton
71%
Chris Clarke | Smith
70%
Janine Carter, Butcher, Evans, Malloy
70%
Tom Bailey
70%
Alfie Phillips
69%
Cindy Williams, Beale
69%
Dan Ferreira | Sullivan | Zappieri
69%
Mark Fowler
69%
Peter Arthurs | Beale
69%
Amy Mitchell, Slater, Branning
68%
Bianca Jackson, Branning, Butcher
68%
Frank Butcher
68%
Tiffany Butcher-Baker, Dean | Mitchell, Raymond
68%
Tom Banks | Clements | Pepper | Stuart
68%
Joe Macer
67%
Carol Hanley, Stretton | Jackson, Branning
66%
Eddie Knight | Moon | Royle | Skinner
66%
James Mackie | Willmott-Brown
66%
Joe Wallace | Wicks | di Marco
66%
Kim Fox, Hubbard | McFarlane
66%
Lola Christie | Pearce-Brown, Mitchell
66%
Mickey Miller
66%
Nick Cotton | Holland
66%
Ruby Allen
66%
Whitney Dean, Jackson, Carter
66%
Bert Atkinson | Moon
65%
Charlie Cotton | Mason | Savage | Slater
65%
Danny Mitchell | Moon
65%
David Collins | Samuels | Wicks
65%
Lee Carter
65%
Ronnie Branning, Mitchell
65%
Roxy Mitchell, Slater, Moon
65%
Will Mitchell
65%
Fi Browning, Willmott-Brown
64%
Jean Slater, Hale, Walters
64%
Ronnie Bains
64%
Dotty Cotton
63%
Michelle Fowler, Holloway
63%
Tanya Cross, Branning, Jessop
63%
Barry Clark | Evans
62%
Dean Wicks
62%
Mel Owen, Healy, Beale, Kelly
62%
Andy Hunter
61%
Ernie Moon
61%
Harry Slater
61%
Tommy Grant | Moon
61%
Anna Knight
60%
Chelsea Fox, Atkins
60%
Mike Swann
60%
Ros Thorne
60%
Ali Osman
59%
Brad Williams
59%
Callum Highway | Monks
59%
Gina Knight
59%
Karen Taylor
59%
Little Ali Osman
59%
Louise Mitchell, Fowler | Raymond, Simmonds
59%
Nancy Carter, Masood
59%
Rob Minter
59%
Vicki Fowler
59%
Angie Watts, Shaw
58%
Annie Carter | Palmer | Smith
58%
Heather Trott, Peterson
58%
Michael Moon | Price | Rose
58%
Nigel Bates
58%
Ollie Carter
58%
Ray Dixon | Kelly
58%
Suki Panesar, Kaur
58%
Zoe Cotton, Newton | Slater
58%
Fred Fonseca
57%
Gray Atkins
57%
Masood Ahmed
57%
Oscar Branning
57%
Tony Hills
57%
Andy Flynn, Jones
56%
Anthony Abego | Moon | Trueman
56%
Harry Gold | Osborne | Reynolds | Woodward
56%
Steven Beale, Wicks
56%
Stuart Highway | Kendle
56%
Bradley Branning
55%
Eve Igwe | Unwin
55%
Lexi Pearce, Mitchell
55%
Tony Carpenter | King
55%
Yolande Trueman, Duke
55%
Bex Fowler, Miller, Jackson
54%
Lily Slater, Branning, Fowler
54%
Ravi Gulati
54%
Ted Hills
54%
Ash Ferreira | Panesar, Kaur
53%
Buster Briggs
53%
Darren Miller | Roberts
53%
Laura Awoyinka | Beale, Dunn
53%
Liam Butcher | Meadows | Tyler
53%
Libby Fox, Turner
53%
Lisa Fowler, Shaw
53%
Nana Moon, Montgomery
53%
Rainie Highway, Cross, Branning
53%
Sean Andrews | Slater
53%
Suzy Branning
53%
Alan Jackson | McIntyre
52%
Archie Mitchell
52%
Carl White
52%
Elaine Peacock
52%
Janet Mitchell | Stoddard
52%
Kush Kazemi
52%
Robbie Jackson, Branning
52%
Ryan Malloy
52%
Bernadette Taylor
51%
Christian Clarke
51%
Dawn Swann, Miller
51%
Harvey Monroe
51%
Tina Carter, Reynolds | Hopkins | Stewart
51%
Jase Dyer
50%
Joey Branning
50%
Keanu Taylor
50%
Nish Panesar
50%
Simon Raymond | Wicks
50%
Ava Hartman, Anderton, James
49%
Cherry Slater
49%
Danny Hardcastle | Pennant | Taurus, Travis | Whiting
49%
Mary Smith
49%
Matt Clarkson
49%
TJ Spraggan
49%
Chantelle Atkins, Baker
48%
Clare Bates, Tyler
48%
Eddie Hunter
48%
Ollie Walters
48%
Zainab Khan, Masood
48%
Andrew Cotton
47%
Chrissie Watts
47%
Daniel Cook
47%
Debbie Bates, Palmer, Tyler | Wilkins
47%
Emerald Fox
47%
Ernie Johnson
47%
Ethel Skinner, Lewis
47%
Freddie Slater, Mitchell
47%
Jamie Johnson | Mitchell
47%
Mary Flaherty
47%
Roy Evans | Quick
47%
Zack Hudson
47%
Derek Branning | Evans | Harkinson
46%
Hope Fowler
46%
Matthew Cotton, Mitchell | Jackson | Rose
46%
Mitch Baker
46%
Morgan Butcher, Jackson, King
46%
Raymond Dawkins, Mitchell, Fox
46%
Alex Healy
45%
Alice Branning
45%
Gary Holmes
45%
Kyle Slater
45%
Rose Chapman, Hickey | Cotton, Taylor, Beauchamp, Colwell
45%
Vince Johnson
45%
Emma Harding, Pearce | Summerhayes
44%
Jordan Atkins, Fox | Johnson
44%
Julie Cooper, Robinson | Haye | Perkins
44%
Luke Browning, Willmott-Brown | Crisp
44%
Richard Cole
44%
Harold Legg
43%
Les Coker
43%
Lucas Johnson
43%
Terry Bates | Raymond | Rich | Spraggan
43%
Donna Andrews | Ludlow, Hills | Yates
42%
Penny Branning
42%
Vincent Hubbard
42%
Adam Bateman | Best
41%
Beppe di Marco
41%
Kevin Wicks
41%
Leo King | Taylor
41%
Maureen Carter
41%
Pearl Fox, Hubbard
41%
Sue Osman | Taylor
41%
Ted Murray
41%
Avani Nandra-Hart
40%
Cora Cross
40%
Pam Coker, Crabbe
40%
Priya Nandra-Hart
40%
Scarlett Butcher, Moon
40%
Lynne Slater, Hobbs
39%
Mandy Salter
39%
Rosie Miller, Swann
39%
Susan Rose
39%
Howie Danes
38%
Keegan Butcher-Baker
38%
Rosie Spraggan
38%
Andy O'Brien
37%
Becca Swanson
37%
Kate Mitchell, Morton, Tyler
37%
Liz Turner
37%
Mia Atkins
37%
Sal Martin, Thomas
37%
Stan Carter | Dougan
37%
Syed Masood
37%
Carmel Jackson, Roberts | Kazemi
36%
Davinder Gulati
36%
Diane Butcher
36%
Jake Moon | Stone
36%
Jimmy Coogan
36%
Keith Miller
36%
Rachel Branning | Kominski
36%
Sarah Cairns | Hills
36%
Tamwar Masood
36%
Frankie Carter, Lewis | Pierre
35%
Jasmine O'Brien
35%
Owen Turner
35%
Reiss Colwell
35%
Shabnam Kazemi, Masood
35%
Spencer Moon
35%
Vinny Panesar
35%
Aaron Monroe
34%
Bailey Baker
34%
Belinda Peacock, Slater
34%
Elizabeth Beale
34%
Felix Baker | Kawalski | Moore
34%
Isaac Baptiste
34%
Jason James
34%
Mica Fox, Hubbard
34%
Tyler Moon
34%
AJ Ahmed
33%
Albie Watts
33%
Ashley Cotton
33%
Denzel Danes
33%
Poppy Meadow
33%
Stella Crawford
33%
Victor Brown | Hampton
33%
Babe Smith
32%
Carly Wicks, Pappas
32%
Garry Hobbs | Rawlings
32%
Hunter Owen
32%
Maria de Costa, Leys
32%
Shakil Kazemi
32%
Greg Jessop | McIntosh
31%
Mackenzie Atkins
31%
Beth Spraggan
30%
Oliver Cousins
30%
Thomas Burton
30%
Trevor Kellow | Morgan | Short
30%
Vanessa Carlton | Gold
30%
Jade Masood, Green, Wicks
29%
Kheerat Panesar
29%
Lorraine Stevens, Salter | Wicks, Foster
29%
Louie Beale
29%
Natalie Price, Evans
29%
Yusef Khan
29%
Zsa Zsa Carter
29%
Courtney Mitchell
28%
Edward Bishop
28%
Gita Kapoor
28%
Jags Panesar
28%
Junior Roberts
28%
Lewis Butler
28%
May Wright
28%
Samantha Keeble
28%
Christine Hewitt
27%
Gavin Sharp | Sullivan
27%
Jodie Gold
27%
Kelly Taylor
27%
Leon Small
27%
Amber Trueman
26%
Fiona Mackintosh | Payne
26%
Gill Fowler, Robinson
26%
Josh Hemmings | Saunders
26%
Rosa di Marco
26%
Theo Hawthorne | Kelly
26%
Vinnie Monks
26%
Dana Monroe, Adams
25%
Ellie Nixon, Dawkins
25%
Hayley Slater
25%
Manda Best
25%
Ruth Aitken, Fowler
25%
Sanjay Kapoor
25%
Glenda Mitchell
24%
Jackie Owen
24%
Sandy Gibson
24%
Amira Masood, Shah
23%
Colin Russell
23%
Gloria Knight
23%
Jules Tavernier
23%
Nina Gupta, Gulati | Harris
23%
Riley Taylor
23%
April Branning | McIntosh
22%
Blossom Jackson
22%
Demi Miller
22%
Dexter Hartman, James
22%
Graham Clark | Foster
22%
Hannah Carpenter
22%
Jackie Stone
22%
Kelvin Carpenter
22%
Kenny Morris
22%
Kirsty Branning, Bell
22%
Nathan Williams
22%
Nicole Moore
22%
Ross Fletcher | Swinden
22%
Sally Booth
22%
Sophie Dodd
22%
Yvonne Cotton
22%
Afia Masood, Khan
21%
Habiba Ahmed
21%
Jill Green | Marsden
21%
Kerry Skinner
21%
Margaret Badini | Walker | Wilson
21%
Norman Simmonds
21%
Sandra di Marco
21%
Sylvie Carter, Smith
21%
Alison Howard | Peters
20%
Christopher Riddick
20%
Claudette Hubbard
20%
Geoff Barnes
20%
Grace Olubunmi
20%
Iqra Ahmed
20%
Josie McFarlane
20%
Nadia Mitchell, Boravac
20%
Nicky di Marco
20%
Aidan Maguire
19%
Chatham Taylor
19%
Finlay Baker
19%
Irene Mills | Raymond, Carter, Hills
19%
Joel Reynolds
19%
Marie Davies
19%
Reg Sparrow
19%
Aidan Brosnan
18%
Aleks Shirovs
18%
Bella Young, Stone
18%
Clyde Tavernier
18%
Gianni di Marco
18%
Mercy Chubb, Olubunmi
18%
Polly Becker
18%
Roland Highway
18%
Trina Johnson
18%
Hattie Tavernier
17%
Neil Hughes
17%
Noah Chambers
17%
Summer Swann
17%
Alexandra D'Costa
16%
Alyssa Lennox
16%
Benny Bloom
16%
Cassie Carpenter
16%
Clive Dixon
16%
Duncan Boyd
16%
Gus Smith
16%
Jeff Healy
16%
Jonathan Leroy
16%
Joyce Murray
16%
Kamil Masood
16%
Marcus Christie
16%
Mehmet Osman
16%
Mila Marwa
16%
Sami Jackson
16%
Yasmin Masood
16%
Arshad Ahmed
15%
Jada Lennox
15%
Lilly Mattock
15%
Sheree Trueman, Baptiste
15%
Sid Clarke
15%
Brenda Boyle
14%
Katy Lewis
14%
Lloyd Tavernier
14%
Nita Mistry, Jackson
14%
Sadie Banks | Young
14%
Teresa di Marco
14%
Andrea Price
13%
Bev Slater, Tonks
13%
Craig Dixon
13%
Joanne Francis | Ryan
13%
Lenny Wallace
13%
Lydia Asler | Simmonds
13%
Mariam Ahmed
13%
Wayne Hughes
13%
Willy Roper
13%
Audrey Trueman, Carter
12%
Bushra Abbasi
12%
Evie Steele
12%
Gerry Fairweather
12%
Naomi Julien
12%
Rod Morris | Norman
12%
Connor Stanley
11%
Della Alexander
11%
Gregory Mantel
11%
Hugo Browning
11%
Saskia Duncan
11%
Adi Ferreira
10%
Jacques Butcher
10%
Jessie Moore
10%
Natasha Black
10%
Ronny Ferreira
10%
Aleesha Miller
9%
Cameron Bryant
9%
Conor Flaherty
9%
Debra Dean
9%
Hassan Osman
9%
Hazel Hobbs
9%
Magda Czajkowski
9%
Marge Green
9%
Maxine Palmer
9%
Preston Cooper
9%
Ritchie Scott
9%
Sasha Dixon | Perkins
9%
Wilfred Atkins
9%
Celestine Tavernier
8%
Disa O'Brien
8%
Huw Edwards
8%
Ingrid Solberg
8%
Jonah Tyler
8%
Lorna Cartwright
8%
Madison Drake
8%
Naima Jeffery
8%
Nellie Ellis
8%
Nikki Spraggan
8%
Saeed Jeffery
8%
Sharmilla Kapoor
8%
Dominic Price
7%
Doris Moisey
7%
Etta Tavernier
7%
Gideon Clayton
7%
Graeme Hall
7%
Ineta Shirovs
7%
Kofi Tavernier
7%
Nadine Keller
7%
Shelley Lewis
7%
Syd Chambers
7%
Trish Barnes
7%
Alistair Matthews
6%
Bruno di Marco
6%
Guizin Osman
6%
Jimmie Broome
6%
Juley Smith
6%
Kareena Ferreira
6%
Laurie Bates
6%
Luisa di Marco
6%
Maddie Wright
6%
Meena McKenzie
6%
Tariq Laroussi
6%
Asif Malik
5%
Ayesha Rana
5%
Binnie Roberts
5%
Kioni Marwa
5%
Marjorie Hudson, Hulton
5%
Oz Bolat
5%
Sylvia Weng-Chung
5%
Todd Taylor
5%
Tomas Covalenco
5%
Troy Harvey
5%
Zulekha Abbasi
5%
Aisha Roberts
4%
Linzi Bragg
4%
Preeti Choraria
4%
Sufia Karim
4%
Anish Mistry
3%
Anya Barowski
3%
Ashraf Karim
3%
Claudia Fielding, Duncan
3%
Dinah Wilson
3%
Dorian Gates
3%
Emine Osman
3%
Gethin Pryce
3%
Gidea Thompson
3%
Guppy Sharma
3%
Jagger Rawley
3%
Konrad Topolski
3%
Murat Osman
3%
Neelam Kapoor
3%
Qadim Shah
3%
Rayif Osman
3%
Rezaul Gabir
3%
Shenice Quinn
3%
Shireen Karim
3%
Travis Law, Hughes
3%
Trisha Taylor
3%
Delton Kane
2%
Guido Smith
2%
Jaggat Singh
2%
Sohail Karim
2%
Tel Conway
2%
Eibhlin O'Donnell
1%
Jorgen Christensen
1%
No matching quizzes found
Score Distribution
Percent of People with Each Score
Percentile by Number Answered
Your Score History
You have not taken this quiz